1917: antes y después
Збережено в:
| Автор: | |
|---|---|
| Формат: | Книга |
| Мова: | Іспанська |
| Опубліковано: |
Barcelona
Anagrama
1969
|
| Серія: | Colección Argumentos, 5
|
| Предмети: | |
| Теги: |
Додати тег
Немає тегів, Будьте першим, хто поставить тег для цього запису!
|
MARC
| LEADER | 00000nam a2200000 a 4500 | ||
|---|---|---|---|
| 001 | UCO1666 | ||
| 003 | CL-VaPUC | ||
| 008 | 000519e19690000SP |||||||||||||||||spa|d | ||
| 082 | 0 | 4 | |a 947.0841 |b CAR |2 21 |
| 100 | 0 | |a Carr, Edward Hallett |e author |9 444072 | |
| 245 | 1 | 0 | |a 1917: antes y después |
| 300 | |a 201 p | ||
| 942 | |c BK | ||
| 945 | |d 20000519 00:00:00 |a rherrera | ||
| 260 | |a Barcelona |b Anagrama |c 1969 | ||
| 650 | 7 | |a HISTORIA DE RUSIA 1917 |2 CL-VaPUC |9 442338 | |
| 650 | 7 | |a REVOLUCION RUSA 1917 |2 CL-VaPUC |9 366175 | |
| 651 | 0 | |a Rusia |9 256106 | |
| 583 | |a last modification |c 20120830 11:04:35 |k Rodrigo Vera | ||
| 490 | 0 | |a Colección Argumentos, 5 | |
| 999 | |c 288270 |d 288268 | ||
| 952 | |0 0 |1 0 |4 0 |6 947_084100000000000_CAR_1969 |7 0 |8 A |9 335849 |a BIBHIS |b BIBHIS |d 2019-11-20 |i 1282263 |o 947.0841 CAR 1969 |p 1282263 |r 2025-01-20 |w 2019-11-20 |y BK |k HIS | ||